|
|
|
|
| LEADER |
00000nab a2200000 a 4500 |
| 001 |
vtls000526505 |
| 003 |
SK-MaSNL |
| 005 |
20260305044505.0 |
| 008 |
250425c1994 xo 0 slo |
| 015 |
|
|
|a SNBRB19rr/mm-uuuuu
|
| 035 |
|
|
|a CL0526643
|
| 035 |
|
|
|a urn:nbn:sk:snk-ab9d43
|
| 035 |
|
|
|a (urnnbn)urn:nbn:sk:snk:ar-a089rb
|
| 035 |
|
|
|a (uuid)f9e850cd-b52c-4e13-bdb0-231b41a63063
|
| 040 |
|
|
|a SNKBUCL
|b slo
|c SNKBUCL
|e AACR2
|
| 041 |
0 |
|
|a slo
|
| 044 |
|
|
|a xo
|c SK
|
| 080 |
|
|
|a 14:05
|2 1981
|
| 080 |
|
|
|a 05:14
|2 1981
|
| 100 |
1 |
|
|a Kopsová, Raisa,
|d 1936-
|4 aut
|9 26681
|
| 245 |
1 |
0 |
|a Filozofia 5/1994. Filozofia 6/1994. Filozofia 7/1994
|c Raisa Kopsová
|
| 650 |
0 |
7 |
|a Filozofia (časopis slovenský)
|2 snkbucl
|9 980999
|
| 655 |
|
7 |
|a články z novín a časopisov
|2 snkbucl
|9 267496
|
| 773 |
0 |
|
|t Fragment
|g Roč. 8, č. 4 (1994), s. 109-111
|
| 850 |
|
|
|a Slovenská národná knižnica
|
| 852 |
|
|
|a Slovenská národná knižnica
|
| 958 |
|
|
|a article13
|
| 958 |
|
|
|a OND
|
| 958 |
|
|
|a RK
|
| 992 |
|
|
|a RBX
|
| 999 |
|
|
|c 3358905
|d 3360835
|